000 00770nac a22002291u 4500
010 _a77361340
020 _a1855739968
082 0 0 _a677.022
_bG8778
090 _c1018
_d1018
100 _aGrosicki, Z.
245 1 0 _aWatson's Advanced textile design :
_bcompound woven structures.
_cZ. J. Grosicki.
250 _a4th ed. /
260 _aLondon :
_bWoodhead publishing limited,
_c1977.
300 _a435 p. :
_bill. ;
_c24 cm.
500 _aIncludes index.
650 0 _aTextile design.
650 0 _aWeaving.
650 0 _aTextile fabrics.
740 _aAdvanced textile design.
942 _cBB
_k677.022G8778
999 _c1018
_d1018